Одностадийный метод синтеза наночастиц Fe@C с ковалентно-модифицированной поверхностью; Функциональные материалы: разработка, исследование, применение

Detaylı Bibliyografya
Parent link:Функциональные материалы: разработка, исследование, применение.— 2014.— [С. 23]
Yazar: Рогов И. С.
Müşterek Yazar: Национальный исследовательский Томский политехнический университет
Diğer Yazarlar: Сургутская Н. С. Наталья Сергеевна (научный руководитель), Галанов А. И. Андрей Иванович
Özet:Заглавие с титульного экрана
Dil:Rusça
Baskı/Yayın Bilgisi: 2014
Seri Bilgileri:Наноматериалы
Konular:
Online Erişim:http://earchive.tpu.ru/handle/11683/70041
http://www.lib.tpu.ru/fulltext/c/2014/C96/022.pdf
Materyal Türü: MixedMaterials Elektronik Kitap Bölümü
KOHA link:https://koha.lib.tpu.ru/cgi-bin/koha/opac-detail.pl?biblionumber=611551

MARC

LEADER 00000naa2a2200000 4500
001 611551
005 20250506105119.0
035 |a (RuTPU)RU\TPU\conf\9347 
035 |a RU\TPU\conf\9346 
090 |a 611551 
100 |a 20150403d2014 k y0rusy50 ca 
101 0 |a rus 
102 |a RU 
105 |a y z 101zy 
135 |a drgn ---uucaa 
181 0 |a i  
182 0 |a b 
200 1 |a Одностадийный метод синтеза наночастиц Fe@C с ковалентно-модифицированной поверхностью  |f И. С. Рогов, Н. С. Сургутская  |g науч. рук. А. И. Галанов 
203 |a Текст  |c электронный 
225 1 |a Наноматериалы 
300 |a Заглавие с титульного экрана 
337 |a Adobe Reader 
463 0 |0 (RuTPU)RU\TPU\conf\9214  |t Функциональные материалы: разработка, исследование, применение  |o сборник тезисов докладов II Всероссийского конкурса научных докладов студентов, г.Томск, г.Тамбов, 22-23 мая 2014 г.  |f Национальный исследовательский Томский политехнический университет (ТПУ) ; Национальный исследовательский Томский государственный университет (ТГУ) ; Тамбовский государственный университет имени Г. Р. Державина ; ред. кол. А. Ю. Годымчук ; И. А. Курзина ; А. А. Гусев  |v [С. 23]  |d 2014 
610 1 |a труды учёных ТПУ 
610 1 |a электронный ресурс 
610 1 |a одностадийные методы 
610 1 |a синтез 
610 1 |a наночастицы 
610 1 |a наноматериалы 
610 1 |a наночастицы 
610 1 |a ИК-спектрометрия 
610 1 |a электронная микроскопия 
700 1 |a Рогов  |b И. С. 
701 1 |a Сургутская  |b Н. С.  |c химик-органик  |c инженер Томского политехнического университета  |f 1981-  |g Наталья Сергеевна  |3 (RuTPU)RU\TPU\pers\30869 
702 1 |a Галанов  |b А. И.  |c химик  |c доцент Томского политехнического университета, кандидат химических наук  |f 1970-  |g Андрей Иванович  |4 727 
712 0 2 |a Национальный исследовательский Томский политехнический университет  |c (2009- )  |9 26305 
801 2 |a RU  |b 63413507  |c 20220315  |g RCR 
850 |a 63413507 
856 4 |u http://earchive.tpu.ru/handle/11683/70041 
856 4 |u http://www.lib.tpu.ru/fulltext/c/2014/C96/022.pdf 
942 |c BK